000
00331 a2200157 4500
001
44819
020
_a
040
_c
Anchieta - Aquarius
100
_a
Heine, Palmira
240
1
0
_a
Meu planeta azul
_l
por
245
1
0
_a
Meu planeta azul
300
_a
23
362
0
_a
2007
650
4
_a
Literatura infanto-juvenil
942
_c
BK
999
_c
44819
_d
44819